• 首页
  • 本馆介绍
  • 公告通知
  • 最新文献
  • 馆藏检索
  • 电子资源
  • 读者导购
  • 参考咨询
  • 我的图书馆
  • 登录
  • 详细信息显示
  • 放入我的书架
  • 预约/预借图书
  • 作者相关作品
  • 分类相关作品
  • 丛书相关作品
  • 出版社相关作品

书目信息

  • 表格格式
  • 工作单格式
  • 卡片格式
题名:
德国总理默克尔传
    
 
作者: 陈玲 著
分册:  
出版信息: 北京   时事出版社  2014
页数: 273页
开本: 24cm
丛书名:
单 册:
中图分类: K835.167=6 , K835.167=5
科图分类:
主题词:
电子资源:
ISBN: 978-7-80232-703-0
000 00827nam0 22002411 450
001 1778173078
005 20140725035555.0
010    @a978-7-80232-703-0@dCNY32.00
100    @a20140727d2014 em y0chiy0110 ea
101 0  @achi
102    @aCN@b110000
105    @ay z 000yb
106    @ar
200 1  @a德国总理默克尔传@9de guo zong li mo ke er zhuan@f陈玲著
210    @a北京@c时事出版社@d2014
215    @a273页@d24cm
330    @a本书为读者介绍德国总理默克尔的传奇人生,描述她那不达目的不罢休的毅力、对掌握权力的渴望、驾驭变局的能力以及敢于承担风险的责任感,全方位展示默克尔作为一个成功政治家所拥有的能力。
600  1 @a默克尔@gMerkel, Angela@f(1954-)@x生平事迹
690    @aK835.167=6@v5
690    @aK835.167=5@v4
701  0 @a陈玲@9chen ling@4著
801  0 @aCN@b91MARC@c20140727
905    @aMUSE@dK835.167=5@e2
    
    德国总理默克尔传/陈玲著.-北京:时事出版社,2014
    273页;24cm
    
    
    ISBN 978-7-80232-703-0:CNY32.00
    本书为读者介绍德国总理默克尔的传奇人生,描述她那不达目的不罢休的毅力、对掌握权力的渴望、驾驭变局的能力以及敢于承担风险的责任感,全方位展示默克尔作为一个成功政治家所拥有的能力。
●
相关链接 在五车中查询图书 在当当中查询图书 在豆瓣中查询图书


正题名:德国总理默克尔传     索取号:K835.167=5/2         预约/预借

序号 登录号 条形码 馆藏地/架位号 状态 备注
1 829395   2000829395   第二书库/ [索取号:K835.167=5/2] 在馆    
2 829396   2000829396   第二书库/ [索取号:K835.167=5/2] 在馆    
3 829397   2000829397   第二书库/ [索取号:K835.167=5/2] 在馆    
山东省滨州职业学院图书馆 欢迎您!
大连网信软件有限公司© 版权所有